000 00474nam a22001697a 4500
003 LK-CoDNM
005 20241210133818.0
008 241210b |||||||| |||| 00| 0 eng d
040 _aLK-CoDNM
_dLK-CoDNM
_eLK-CoDNM
041 _asin
080 _a954.87
100 _aකිරිබංඩා
245 _aඌවේ විද්‍ය පුනර්ජීවනය
_b1 පරිච්ජේදය
260 _c1948
650 _aඉතිහාසය
942 _cBK
999 _c233209
_d233209